Los jóvenes y el mercado de trabajo /
में बचाया:
| मुख्य लेखक: | |
|---|---|
| स्वरूप: | मूलपाठ |
| विषय: | |
| टैग: |
टैग जोड़ें
कोई टैग नहीं, इस रिकॉर्ड को टैग करने वाले पहले व्यक्ति बनें!
|
MARC
| LEADER | 00000 a a2200000 04500 | ||
|---|---|---|---|
| 001 | 9500 | ||
| 003 | |||
| 040 | |||
| 100 | |a Romano, María Paula | ||
| 245 | |a Los jóvenes y el mercado de trabajo / |c María Paula Romano | ||
| 650 | |a JUVENTUD | ||
| 650 | |a EMPLEO | ||
| 650 | |a LEGISLACION DEL TRABAJO | ||
| 650 | |a ONU | ||
| 650 | |a ORGANIZACIONES NO GUBERNAMENTALES | ||
| 650 | |a EDUCACION | ||
| 773 | |g número 1; páginas 163-168 | ||
| 999 | |c 34217 |d 34217 | ||
